[Event "General Pico op 08"]
[Site "General Pico"]
[Date "2021.08.21"]
[Round "4"]
[White "Lima, Joaquin"]
[Black "Barrotto, Jose Ignacio"]
[Result "1-0"]
[WhiteElo "1978"]
[BlackElo "1625"]
[PlyCount "121"]
[EventDate "2021.08.20"]
[EventType "swiss"]
[EventRounds "6"]
[EventCountry "ARG"]
[SourceTitle "EXT 2023"]
[Source "ChessBase"]
[SourceDate "2022.10.05"]
[SourceVersion "1"]
[SourceVersionDate "2022.10.05"]
[SourceQuality "1"]

1. d4 d5 2. c4 c6 3. Nc3 Nf6 4. Nf3 e6 5. Bg5 Be7 6. e3 Nbd7 7. cxd5 exd5 8. Bd3 0-0 9. 0-0 Re8 10. Qc2 Nf8 11. Rab1 Bd6 12. b4 a6 13. a4 Bg4 14. Nd2 Bh5 15. Bh4 Bg6 16. Bg3 Bxg3 17. hxg3 Bxd3 18. Qxd3 Qd6 19. b5 axb5 20. axb5 N8d7 21. bxc6 bxc6 22. Rfc1 Reb8 23. Qc2 Rxb1 24. Ncxb1 Rc8 25. Nb3 g6 26. N1d2 Qb4 27. Qc3 Qxc3 28. Rxc3 Kf8 29. Kf1 Ke7 30. f3 Kd8 31. Na5 Nb8 32. Ndb3 Nfd7 33. e4 f6 34. exd5 Kc7 35. dxc6 Nb6 36. Nc5 Kd6 37. Ne4+ Ke6 38. c7 N8d7 39. Rc6+ Ke7 40. Nd6 Ra8 41. c8Q Nxc8 42. Nxc8+ Ke8 43. Nc4 Kd8 44. N8b6 Ra1+ 45. Kf2 Nxb6 46. Rxb6 Ra2+ 47. Rb2 Ra4 48. Rc2 Ke7 49. g4 Ke6 50. d5+ Ke7 51. Ke3 f5 52. gxf5 gxf5 53. Kd4 Ra1 54. Ke5 Rd1 55. d6+ Kd8 56. Kxf5 Rd5+ 57. Ke6 Rc5 58. Ne3 Ra5 59. Rb2 Kc8 60. d7+ Kc7 61. Rc2+ 1-0